| 000 | 02040cab a2200613 4500 | ||
|---|---|---|---|
| 001 | ABS52271 | ||
| 008 | 090401t1995 xxu||||| |||| 00| 0 eng d | ||
| 035 | _a(Sirsi) u69769 | ||
| 041 | _aeng | ||
| 245 | _aEstates Times industrial review | ||
| 260 | _c1995 | ||
| 300 | _aloan | ||
| 350 | _a0 | ||
| 490 |
_aEstates Times _v24 February 1995, (84) |
||
| 520 | _aAssesses demand for new space from the manufacturing sector, measures investment yields and the success of regional selective assistance for industrial sites such as Park Royal, considers the impact of the 1995 rating revaluation and the cost effectiveness of job relocation schemes by foreign companies and rail freight`s bid to win back distribution trade through the links opened up by the Channel Tunnel. Regional market round-up. | ||
| 650 | _aASSISTED AREAS | ||
| 650 | _aCHANNEL TUNNEL | ||
| 650 | _aDAVENPORT GREEN | ||
| 650 | _aDISTRIBUTION MARKET | ||
| 650 | _aEAST MIDLANDS | ||
| 650 | _aENVIRONMENTAL ISSUES | ||
| 650 | _aFREIGHT TERMINALS | ||
| 650 | _aINDUSTRIAL DEVELOPMENT | ||
| 650 | _aINDUSTRIAL MARKET | ||
| 650 | _aINVESTMENT MARKET | ||
| 650 | _aINWARD INVESTMENT | ||
| 650 | _aLEEDS | ||
| 650 | _aLONDON | ||
| 650 | _aM25 CORRIDOR | ||
| 650 | _aM62 CORRIDOR | ||
| 650 | _aMANUFACTURING INDUSTRY | ||
| 650 | _aMANUFACTURING SECTOR | ||
| 650 | _aNORTH-WEST ENGLAND | ||
| 650 | _aOCCUPIERS NEEDS | ||
| 650 | _aPARK ROYAL | ||
| 650 | _aRAIL FREIGHT | ||
| 650 | _aREGIONAL DISTRIBUTION CENTRES | ||
| 650 | _aREGIONAL GRANTS | ||
| 650 | _aREGIONAL POLICY | ||
| 650 | _aREGIONAL SELECTIVE ASSISTANCE | ||
| 650 | _aRELOCATION | ||
| 650 | _aRATING REVALUATION 1995 | ||
| 650 | _aSAMSUNG | ||
| 650 | _aSCOTLAND | ||
| 650 | _aSOUTH-EAST ENGLAND | ||
| 650 | _aSOUTH-WEST ENGLAND | ||
| 650 | _aURBAN AREAS | ||
| 650 | _aWALES | ||
| 650 | _aWAREHOUSE CENTRES | ||
| 650 | _aWEST MIDLANDS | ||
| 690 | _aPROPERTY-COMMERCIAL PROPERTY-COMMERCIAL PROPERTY MARKET | ||
| 942 | _n0 | ||
| 948 | _c04/03/1997 | ||
| 999 |
_c43858 _d43858 |
||